000 01167nac a22003617a 4500
001 BR8203965
003 BR-BrBNA
005 20240105115411.0
008 230509b bl.|||m| |||| 00| 0 por d
040 _aBR-BrBNA
_bpor
_cBiblioteca Nacional de Agricultura
072 _aL00; E70; Q10
090 _a5214 BR8203965
100 1 _aSchulte, E.M.B.
100 1 _aTanure, S.J.
110 1 _aInstituto de Coordenacao Estadual de Planejamento Agricola, Vitoria, ES (Brasil)
_95993
245 1 _aDesempenho da pecuaria bovina leiteira do Espirito Santo - 1981 [Brasil]
260 3 _aVitoria, ES (Brasil):
_c1982.
300 _a46 p.
490 _aDesempenho do Setor Agricola - Instituto de Coordenacao Estadual de Planejamento Agricola (Brazil)
_vno. 3
_x
500 _a26 tables
650 _aGADO LEITEIRO
650 _aLEITE
650 _aPRODUCAO LEITEIRA
650 _aOFERTA
650 _aCOOPERATIVA DE PRODUTORES
650 _aCONSUMO INTERNO
650 _aINDUSTRIA ALIMENTICIA
650 _aEXPORTACAO
650 _aPRECO MEDIO
650 _aESPIRITO SANTO
909 _a202312
_bLúcia Elande
_c55
_dLúcia Elande
942 _2AGRIS
_n0
_cMS
999 _c274673
_d274673